000 00839cam a2200205 i 4500
005 20260204082346.0
008 250721s2018 jo gr 000 0 ara d
020 _a9789957616939
082 1 4 _a371.9
_bع ي س
100 1 _aالعيساوي، سيف طارق حسين
_eمؤلف.
245 1 2 _aالتربية الخاصة لبطيئي التعلم /
_cالاستاذ المساعد سيف طارق حسين العيساوي، راجعه لغويا الدكتور قصي سمير العزاوي.
250 _aالطبعة الأولى.
264 3 1 _aعمان :
_bدار صفاء للنشر والتوزيع،
_c2018.
300 _a168صفحة.
650 1 7 _aالتربية الخاصة.
650 1 7 _aصعوبات التعلم.
650 1 7 _aبطء التعلم.
942 _2ddc
_cBK
999 _c139170
_d139170